Composition de l'équipe de France - Finale 2011 RUGBY - Statistiques

Statistiques générales
  • Ce quiz a été pris 74 fois
    68 depuis la dernière actualisation
  • Le résultat moyen est 11 sur 16
Statistiques - réponses
Numéro Joueur % Correct
6 (cap.) Thierry Dusautoir
96%
13 Aurélien Rougerie
83%
10 Morgan Parra
83%
3 Nicolas Mas
83%
14 Vincent Clerc
77%
2 William Servat
75%
8 Imanol Harinordoquy
67%
15 Maxime Médard
67%
4 Pascal Papé
67%
9 Dimitri Yachvili
65%
Entraîneur Marc Lièvremont
62%
1 Jean-Baptiste Poux
54%
7 Julien Bonnaire
52%
5 Lionel Nallet
46%
12 Maxime Mermoz
42%
11 Alexis Palisson
40%
Aucun quiz correspondant
Distribution des résultats
% des personnes avec chaque résultat
Percentile par nombre de réponses
Votre historique - résultats
Vous n’avez pas pris ce quiz depuis la dernière actualisation